A TEXT BOOK OF PHARMACEUTICAL FORMULATION (Record no. 7102)
[ view plain ]
| 000 -LEADER | |
|---|---|
| fixed length control field | 00279nam a2200121Ia 4500 |
| 082 ## - DEWEY DECIMAL CLASSIFICATION NUMBER | |
| Classification number | 615.1 |
| Item number | P13H |
| 100 ## - MAIN ENTRY--PERSONAL NAME | |
| Personal name | MITHAL, B.M. |
| 245 ## - TITLE STATEMENT | |
| Title | A TEXT BOOK OF PHARMACEUTICAL FORMULATION |
| 260 ## - PUBLICATION, DISTRIBUTION, ETC. (IMPRINT) | |
| Name of publisher, distributor, etc | VOLLABH PRAKASHAN |
| 300 ## - PAGE DESCRIPTION | |
| No. of Pages | 392 |
| 650 ## - SUBJECT ADDED ENTRY--TOPICAL TERM | |
| Topical term or geographic name as entry element | PHARMACEUTICS |
| 942 ## - ADDED ENTRY ELEMENTS (KOHA) | |
| Source of classification or shelving scheme | Dewey Decimal Classification |
| Koha item type | Books |
| 942 ## - ADDED ENTRY ELEMENTS (KOHA) | |
| -- | 9 |
| Withdrawn status | Lost status | Source of classification or shelving scheme | Damaged status | Not for loan | Collection code | Home library | Current library | Date acquired | Vendor Name | Cost, normal purchase price | SGTU | Bill Number | Total Checkouts | Full call number | Accession No. (Barcode) | Date last seen | Bill Date | Koha item type | Date last borrowed |
|---|---|---|---|---|---|---|---|---|---|---|---|---|---|---|---|---|---|---|---|
| Dewey Decimal Classification | PHARMACY | SGT FA-FP Library | SGT FA-FP Library | 02/07/2015 | ABC DELHI | 200.00 | SGTU | 492 | 615.1 P13H | FP361 | 02/07/2015 | 24/11/2014 | Books | ||||||
| Dewey Decimal Classification | PHARMACY | SGT FA-FP Library | SGT FA-FP Library | 02/07/2015 | ABC DELHI | 200.00 | SGTU | 492 | 615.1 P13H | FP362 | 02/07/2015 | 24/11/2014 | Books | ||||||
| Dewey Decimal Classification | PHARMACY | SGT FA-FP Library | SGT FA-FP Library | 02/07/2015 | ABC DELHI | 200.00 | SGTU | 492 | 2 | 615.1 P13H | FP363 | 12/02/2024 | 24/11/2014 | Books | 16/01/2024 | ||||
| Dewey Decimal Classification | PHARMACY | SGT FA-FP Library | SGT FA-FP Library | 02/07/2015 | ABC DELHI | 200.00 | SGTU | 492 | 6 | 615.1 P13H | FP364 | 20/06/2024 | 24/11/2014 | Books | 18/06/2024 | ||||
| Dewey Decimal Classification | PHARMACY | SGT FA-FP Library | SGT FA-FP Library | 02/07/2015 | ABC DELHI | 200.00 | SGTU | 492 | 2 | 615.1 P13H | FP365 | 20/06/2024 | 24/11/2014 | Books | 20/06/2024 |